Ako sa zbaviť starostí a začať žiť

Bibliographic Details
Main Author: Carnegie, Dale, 1888-1955 (Author)
Other Authors: Hlavatá, Dana (Translator)
Format: Book
Language:Slovak
Czech
English
PhysicalDescription:319 s. 21 cm
Published: Bratislava Príroda 2009
ISBN:9788007017979
Edition:[2. vyd.]
Subjects:

MARC

LEADER 00000cam a2200000 a 4500
001 vtls009630894
003 SK-MaSNL
005 20260302043802.0
008 240318s2009 xo f 000 0 slo
015 |a SNBA2009/12-05781 
020 |a 9788007017979  |q (brož.) 
035 |a D29F1FE0-2EEC-468F-8BDC-D22479303C88 
035 |a urn:nbn:sk:snk-amk2bj 
035 |a urn:nbn:sk:snk-am0086u8 
040 |a SNK  |b slo  |c SNK  |e AACR2 
041 1 |a slo  |h cze  |h eng 
044 |a xo  |c SK 
072 7 |a 159.95  |x Vyššie duševné procesy  |2 konspekt 
080 |a 159.913  |2 2001 
080 |a 316.728  |2 2001 
080 |a 171  |2 2001 
080 |a 159.955  |2 2001 
080 |a (035)  |2 2001 
080 |a (0:82-32)  |2 2001 
100 1 |a Carnegie, Dale,  |d 1888-1955  |4 aut  |9 100727 
240 1 0 |a How to stop worrying and start living  |l Slovensky 
245 1 0 |a Ako sa zbaviť starostí a začať žiť  |c Dale Carnegie ; na vydanie pripravila Dorothy Carnegiová ; [z češtiny preložila Hana Hlavatá] 
250 |a [2. vyd.] 
260 |a Bratislava  |b Príroda  |c 2009 
300 |a 319 s.  |c 21 cm 
650 0 7 |a psychohygiena  |2 SNKPH  |9 2574 
650 0 7 |a každodenný život  |2 SNKPH  |9 4946 
650 0 7 |a životné problémy  |2 SNKPH  |9 4390 
650 0 7 |a riešenie problémov  |2 SNKPH  |9 30067 
650 0 7 |a Mental hygiene  |2 SNKPHeng  |9 274768 
650 0 7 |a Everyday life  |2 SNKPHeng  |9 265105 
650 0 7 |a Life problems  |2 SNKPHeng  |9 322086 
650 0 7 |a Problem solving  |2 SNKPHeng  |9 328747 
655 7 |a príručky  |2 SNKPH  |9 74364 
655 7 |a príbehy  |2 SNKPH  |9 70507 
655 7 |a Handbooks, manuals, etc.  |2 SNKPHeng  |9 90964 
655 7 |a Stories  |2 SNKPHeng  |9 265785 
700 1 |a Hlavatá, Dana  |4 trl  |9 7181 
700 1 |a Carnegie, Dorothy,  |d 1912-  |4 oth  |9 100283 
919 |a 978-80-07-01797-9 
958 |a OP 
968 |b ENG  |b Čes  |d 1 
999 |c 1087913  |d 1089843 
952 |a SNK  |b SNK  |y VYP  |7 0  |p 17A0627105  |o snkSC 136604 D1  |i snk2009/13420  |8 0  |0 0  |1 0  |4 0  |d 2009-07-24  |f 1  |l 0  |r 2026-02-24 16:47:36  |w 2026-02-24 
952 |a SNK  |b SNK  |y PREZ  |7 0  |p 17A0627103  |o snkSC 136604  |i snk2009/13419  |8 0  |0 0  |1 0  |4 0  |d 2009-07-24  |l 0  |r 2025-07-02 00:00:00  |w 2026-02-24